Destroying a nation : the Civil War in Syria
Αποθηκεύτηκε σε:
| Κύριος συγγραφέας: | |
|---|---|
| Μορφή: | Βιβλίο |
| Γλώσσα: | English |
| Δημοσίευση: |
London ; New York :
I.B. Tauris,
2017.
|
| Θέματα: | |
| Ετικέτες: |
Προσθήκη ετικέτας
Δεν υπάρχουν, Καταχωρήστε ετικέτα πρώτοι!
|
MARC
| LEADER | 00000cam a2200000 a 4500 | ||
|---|---|---|---|
| 001 | 1/120343 | ||
| 008 | 191114s2017####uk ||||||| |||| ||eng|| | ||
| 020 | |a 9781784537975 | ||
| 040 | |a GR-MyUa |b gre |c GR-MyUa |e AACR2 | ||
| 041 | 0 | |a eng | |
| 082 | 7 | |a 956.91 |2 (23) | |
| 100 | 1 | |a Dam, Nikolaos van. | |
| 245 | 1 | 0 | |a Destroying a nation : |b the Civil War in Syria / |c Nikolaos van Dam. |
| 260 | |a London ; |a New York : |b I.B. Tauris, |c 2017. | ||
| 300 | |a 242 σ. ; |c 20 εκ. | ||
| 651 | 0 | |a Syria |x History |y 20th century. | |
| 651 | 0 | |a Syria |x Politics and government |y 20th century. | |
| 852 | |a INST |b LESVOS |e 20191114 |h 956.91 DAM |p 005100062977 |q 005100062977 |t BK |y 0 | ||
| 920 | |a ΠΜΣ Κοινωνική και Ιστορική Ανθρωπολογία |y Λέσβος |z 2019-10 | ||
| 970 | |a Δημάκη |b Μαρία |z 14-11-2019 | ||